| 000 | 00624nam a2200217 a 4500 | ||
|---|---|---|---|
| 001 | 6136 | ||
| 003 | CO-ViMGA | ||
| 005 | 20230915225802.0 | ||
| 008 | 141112s2004 ck r 000 u spa d | ||
| 040 |
_aCO-ViMGA _bspa _cCO-ViMGA |
||
| 082 | 0 | 4 | _a808.5 G172 |
| 100 | 1 |
_aGarcía del Toro, Antonio _910797 |
|
| 245 | 1 | 0 |
_aComunicación y expresión oral y escrita : _bla dramatización como recurso |
| 260 |
_aBarcelona : _bGraó, _c1995 |
||
| 300 | _a95 p | ||
| 490 | _aPunto y seguido, 7 | ||
| 650 | 1 | 4 |
_aDRAMATIZACION _910800 |
| 650 | 1 | 4 |
_aEXPRESION ESCRITA _910799 |
| 650 | 1 | 4 |
_aEXPRESION ORAL _910798 |
| 942 |
_2ddc _cBK |
||
| 999 |
_c18110 _d18110 |
||